Reinwood Ltd v L Brown and Sons Ltd (Record no. 80068)

MARC details
000 -LEADER
fixed length control field 01891cad a22002055a 4500
001 - CONTROL NUMBER
control field L143128
008 - FIXED-LENGTH DATA ELEMENTS--GENERAL INFORMATION
fixed length control field 080409e20070621xxk f v 000 0 eng d
035 ## - SYSTEM CONTROL NUMBER
System control number (Sirsi) u143128
041 0# - LANGUAGE CODE
Language code of text/sound track or separate title eng
245 00 - TITLE STATEMENT
Title Reinwood Ltd v L Brown and Sons Ltd
Medium [electronic resource]
260 ## - PUBLICATION, DISTRIBUTION, ETC.
Date of publication, distribution, etc. 2007
520 ## - SUMMARY, ETC.
Summary, etc. [2007] EWCA Civ 601, 21 June 2007. Appeal by employer (R) against a decision ([2007] BLR 10, L137927) that a JCT contract had been validly determined by notice given by the respondent contractor (B). When an extension of time was granted following project delays, B assumed this would reduce the amount of liquidated damages that R could deduct. When R did not make further payment, B served a notice of default, and when R failed to make a payment pursuant to another certificate several months later, B gave notice of determination relying on the previous notice of default. R claimed B had unlawfully terminated the contract because the previous notice was invalid, but the judge held that the termination by B was valid. R appealed. "Held": appeal allowed. R was entitled to deduct the amount of damages specified in the notice (despite the fact that the certificate of non-completion was cancelled by the subsequent grant of an extension of time) because the conditions for the deduction of liquidated and ascertained damages from the payment certificate were satisfied at the time when R gave notice of intention to deduct.
650 24 - SUBJECT ADDED ENTRY--TOPICAL TERM
Topical term or geographic name entry element REINWOOD LTD V L BROWN AND SONS LTD
650 24 - SUBJECT ADDED ENTRY--TOPICAL TERM
Topical term or geographic name entry element JCT STANDARD FORM OF BUILDING CONTRACT (1998 EDITION)
650 24 - SUBJECT ADDED ENTRY--TOPICAL TERM
Topical term or geographic name entry element A BELL AND SON (PADDINGTON) LTD V CBF RESIDENTIAL CARE
651 #4 - SUBJECT ADDED ENTRY--GEOGRAPHIC NAME
Geographic name England and Wales
Chronological subdivision 1543-
690 ## - LOCAL SUBJECT ADDED ENTRY--TOPICAL TERM (OCLC, RLIN)
Topical term or geographic name as entry element BUILT ENVIRONMENT-CONSTRUCTION MANAGEMENT-BUILDING CONTRACT ADMINISTRATION
856 40 - ELECTRONIC LOCATION AND ACCESS
Uniform Resource Identifier <a href="https://www.bailii.org/ew/cases/EWCA/Civ/2007/601.html">https://www.bailii.org/ew/cases/EWCA/Civ/2007/601.html</a>
Public note View the judgment free of charge at www.bailii.org...
942 ## - ADDED ENTRY ELEMENTS (KOHA)
Suppress in OPAC 0
Holdings
Withdrawn status Lost status Source of classification or shelving scheme Damaged status Not for loan Home library Current library Shelving location Date acquired Total Checkouts Full call number Barcode Date last seen Copy number Price effective from Koha item type
    Dewey Decimal Classification     Virtual Virtual Online 09/04/2008   ONLINE PUBLICATION 143128-2001 06/08/2019 1 06/08/2019 Law report